Statistics for Imagine Dragons Discography

Click here to take the quiz!

General Stats

  • This quiz has been taken 30 times
    (10 since last reset)
  • The average score is 66 of 151

Answer Stats

AlbumSong% Correct
EvolveBeliever
100%
Continued Silence (EP) | Hear Me (EP) | Night VisionsRadioactive
100%
EvolveThunder
100%
Continued Silence (EP) | Night VisionsDemons
86%
OriginsNatural
86%
Mercury - Act 2Bones
71%
Continued Silence (EP) | It's Time (EP) | Night VisionsIt's Time
71%
Continued Silence (EP) | Night VisionsOn Top Of The World
71%
Mercury - Act 2Sharks
71%
EvolveWhatever It Takes
71%
It's Time (EP) | Night Visions | The Archive (EP)America
57%
Hear Me (EP) | It's Time (EP) | Night VisionsAmsterdam
57%
OriginsBad Liar
57%
OriginsBirds
57%
OriginsBoomerang
57%
OriginsBurn Out
57%
Single/OtherChildren Of The Sky
57%
OriginsCool Out
57%
Mercury - Act 1Cutthroat
57%
It's Time (EP)Dolphins
57%
Mercury - Act 1Enemy
57%
VHS (X Ambassadors Album)Fear
57%
Smoke + MirrorsGold
57%
Hear Me (EP) | Hell and Silence (EP) | Night VisionsHear Me
57%
Smoke + MirrorsHopeless Opus
57%
OriginsLove
57%
Smoke + MirrorsMonster
57%
Single/OtherReady Aim Fire
57%
Smoke + MirrorsSmoke And Mirrors
57%
Mercury - Act 2Symphony
57%
Night VisionsTiptoe
57%
Night VisionsUnderdog
57%
Mercury - Act 1#1
43%
Smoke + MirrorsBattle Cry
43%
Night VisionsBleeding Out
43%
Night VisionsBubble (Demo)
43%
OriginsBullet In A Gun
43%
Mercury - Act 2Crushed
43%
Smoke + MirrorsDream
43%
Hell and Silence (EP)Easy
43%
Mercury - Act 1Easy Come Easy Go
43%
Hell and Silence (EP)Emma
43%
Night VisionsEvery Night
43%
Mercury - Act 2Ferris Wheel
43%
Mercury - Act 1Follow You
43%
Smoke + MirrorsFriction
43%
Mercury - Act 1Giants
43%
Tim (Avicii Album)Heart Upon My Sleeve
43%
Smoke + MirrorsI Bet My Life
43%
EvolveI Don't Know Why
43%
Hell and Silence (EP) | Night VisionsI Don't Mind
43%
Smoke + MirrorsI'm So Sorry
43%
Imagine Dragons (EP)I Need a Minute
43%
Mercury - Act 1It's Ok
43%
It's Time (EP)Leave Me
43%
Mercury - Act 1Lonely
43%
Night VisionsLove Of Mine (Demo)
43%
OriginsMachine
43%
EvolveMouth Of The River
43%
Mercury - Act 1My Life
43%
Night VisionsNothing Left to Say / Rocks
43%
Mercury - Act 1No Time For Toxic People
43%
OriginsOnly
43%
Smoke + MirrorsPolaroid
43%
Single/OtherRoots
43%
Hell and Silence (EP) | Night Visions | The Archive (EP)Selene
43%
Smoke + MirrorsShots
43%
Mercury - Act 2Sirens
43%
Smoke + MirrorsThe Fall
43%
Smoke + MirrorsThe Unknown
43%
Mercury - Act 2They Don't Know You Like I Do
43%
It's Time (EP) | Night VisionsTokyo
43%
EvolveWalking The Wire
43%
Smoke + MirrorsWarriors
43%
OriginsWest Coast
43%
Smoke + MirrorsWho We Are
43%
Night VisionsWorking Man
43%
Mercury - Act 1Wrecked
43%
OriginsZero
43%
Hell and Silence (EP)All Eyes
29%
Mercury - Act 2Blur
29%
Mercury - Act 2Continual
29%
Imagine Dragons (EP) | Night VisionsCover Up
29%
Imagine Dragons (EP)Curse
29%
EvolveDancing In The Dark
29%
OriginsDigital
29%
Imagine Dragons (EP)Drive
29%
Mercury - Act 1Dull Knives
29%
Night VisionsFallen
29%
Imagine Dragons (EP)Hole Inside Our Chests
29%
Mercury - Act 2I Don't Like Myself
29%
EvolveI'll Make It Up To You
29%
Mercury - Act 2I'm Happy
29%
Single/OtherI Was Me
29%
Mercury - Act 2I Wish
29%
Single/OtherLevitate
29%
It's Time (EP)Look How Far We've Come
29%
Single/OtherLost Cause
29%
Mercury - Act 1Monday
29%
Continued Silence (EP) | Night Visions | The Archive (EP)My Fault
29%
EvolveNext To Me
29%
Single/OtherNot Today
29%
Mercury - Act 1One Day
29%
It's Time (EP)Pantomime
29%
Mercury - Act 2Peace Of Mind
29%
OriginsReal Life
29%
EvolveRise Up
29%
Continued Silence (EP) | Night Visions | The Archive (EP)Round And Round
29%
EvolveStart Over
29%
OriginsStuck
29%
Single/OtherSucker For Pain
29%
Smoke + MirrorsSummer
29%
Mercury - Act 2Take It Easy
29%
Hear Me (EP) | It's Time (EP) | Night Visions | The Archive (EP)The River
29%
Smoke + MirrorsThief
29%
Smoke + MirrorsTrouble
29%
Mercury - Act 2Waves
29%
EvolveYesterday
29%
Single/OtherBorn To Be Yours
14%
Night VisionsCha-Ching (Till We Grow Older)
14%
Mercury - Act 2Higher Ground
14%
Smoke + MirrorsIt Comes Back To You
14%
Smoke + MirrorsRelease
14%
Smoke + MirrorsSecond Chances
14%
Mercury - Act 2Tied
14%
Imagine Dragons (EP)Uptight
14%
Mercury - Act 2Younger
14%

Score Distribution

Percentile by Number Answered

Percent of People with Each Score

Your Score History

You have not taken this quiz since the last reset